| 000 | 01768nam0a2200361 i 4500 | ||
|---|---|---|---|
| 001 | RU\NLR\bibl\2010019 | ||
| 005 | 20260405111715.0 | ||
| 010 |
_a9785903525904 _91000 |
||
| 021 |
_aRU _b2013-12288 _9878 |
||
| 035 | _a(NLR Aleph) 001998590 | ||
| 090 |
_a4326514 _c4326514 |
||
| 100 | _a20130312d2013 k y0rusy50 ca | ||
| 101 | 0 | _arus | |
| 102 | _aRU | ||
| 105 | _aa ||||||||| | ||
| 200 | 1 |
_aПраздники Святой Земли _fА.А. Дмитриевский _gотв. ред. Л.В. Мельникова _gсост., вступ. ст. и науч. ред. Н.Н. Лисового |
|
| 210 |
_aМосква _cИмператорское Православное палестинское общество _aСанкт-Петербург _cИзд-во Олега Абышко _d2013 |
||
| 215 |
_a286, [1] с. _cил. _d22 |
||
| 225 | 1 |
_aБиблиотека Русской Палестины _fпод общ. ред. д.ист.н. Н.Н. Лисового |
|
| 300 | _aНа авантит.: Император. Православ. палестин. о-во. К 130-летию основания | ||
| 320 | _aБиблиогр. в подстроч. примеч. | ||
| 606 | 1 |
_aХристианство _xИстория _yПалестина _92479365 _3RU\NLR\auth\661471954 |
|
| 606 |
_aПраздники православные _91473629 _3RU\NLR\auth\66626217 |
||
| 686 | _aЭ372.24-52 | ||
| 686 | _aЭ37-39(532) | ||
| 700 | 1 |
_4070 _8rus _7ca _aДмитриевский _bА. А. _f1856-1929 _gАлексей Афанасьевич _3RU\NLR\auth\7742650 _925593 |
|
| 801 | 0 |
_aRU _bNLR _c20130312 _gRCR |
|
| 801 | 1 |
_aRU _bNLR _c20130312 |
|
| 942 | _cBOOK | ||
| 980 | _aNBR | ||